书目信息 |
| 题名: |
数据转换技术
|
|
| 作者: | 克雷伊顿 著 ;杨双林 , 程朝安 , 邵慧媛 译 | |
| 分册: | ||
| 出版信息: | 北京 电子工业出版社 1987 |
|
| 页数: | 265页 | |
| 开本: | 20cm | |
| 丛书名: | ||
| 单 册: | ||
| 中图分类: | TP335 | |
| 科图分类: | ||
| 主题词: | 模数—转换器 , 数—模变换 | |
| 电子资源: | ||
| ISBN: | ||
| 000 | 00800nam0 2200289 45 | |
| 001 | 0187007188 | |
| 005 | 20040701173352.1 | |
| 010 | @dCNY2.30 | |
| 091 | @a15290.410 | |
| 100 | @a19900808d1987 emky0chiy0121 ea | |
| 101 | 1 | @achi@ceng |
| 102 | @aCN@b110000 | |
| 105 | @ay z 000yy | |
| 106 | @ar | |
| 200 | 10 | @a数据转换技术@Ashu ju zhuan huan ji shu@f(英)克雷伊顿著@g杨双林等译 |
| 210 | @a北京@c电子工业出版社@d1987 | |
| 215 | @a265页@d20cm | |
| 606 | @a模数—转换器 | |
| 606 | @a数—模变换 | |
| 690 | @aTP335@v3 | |
| 701 | 1 | @a克雷伊顿@Ake lei yi dun@4著 |
| 702 | 0 | @a杨双林@Ayang shuang lin@4译 |
| 702 | 0 | @a程朝安@Acheng chao an@4译 |
| 702 | 0 | @a邵慧媛@Ashao hui yuan@4译 |
| 801 | 0 | @aCN@b深圳图书馆@c20040520 |
| 801 | 2 | @aCN@bNLC@c20040520 |
| 905 | @dTP335@e44@f1@b205880 | |
| 数据转换技术/(英)克雷伊顿著/杨双林等译.-北京:电子工业出版社,1987 |
| 265页;20cm |
| ISBN :CNY2.30 |
| ● |
| 相关链接 |
|
|
|
|
正题名:数据转换技术
索取号:TP335/44
 
预约/预借
| 序号 | 登录号 | 条形码 | 馆藏地/架位号 | 状态 | 备注 |
| 1 | 0205879 | 001635537 | 第三借阅区/ [索取号:TP335/44] | 在馆 | |
| 2 | 0205880 | 001941242 | 第三借阅区/ [索取号:TP335/44] | 在馆 | |
| 3 | 0205881 | 001635573 | 第二样本阅览室/ [索取号:TP335/44] | 在馆 |